000 00327nam a22001337a 4500
008 170915b xxu||||| |||| 00| 0 eng d
020 _a0230062169
041 _aeng
080 _a7
100 _a44
101 _aART
245 _aIMAGING AMERICAN IDEA AND IDEALS IN CULRURAL HISRORY
_cBANTA.M
942 _2udc
_cBK
999 _c27811
_d27811